000 01153nam a2200241Ia 4500
999 _c50948
_d50948
001 17905
003 GE_BSU
005 20200228142928.0
008 181216s1969 xx |||||||||||||| ||geo||
040 _cGE_BSU
041 _ageo
080 _a82-93 შ-20
100 _aშამანაძე, ნოდარ.
_97629
245 _aშორენას სიმღერა :
_bლექსები სკოლამდელი ასაკის ბავშვთათვის /
_cნოდარ შამანაძე ; რედ. ჯ. ბაჯელიძე ; მხატ. რედ. ჯ.ყავლაშვილი .
264 _aთბილისი :
_bნაკადული,
_c1969.
300 _a42 გვ. :
_bილ. ;
_c20 სმ.
653 _aლექსები
653 _aშორენას სიმღერა
653 _aქართული ლიტერატურა
700 _aბაჯელიძე, ჯ
_eრედაქტორი
_93694
700 _aყავლაშვილი, ჯ
_eმხატვარ რედაქტორი
_95903
942 _cBK
_2udc